[Event "Challenge"]
[Site "http://www.queenalice.com/game.php?id=303676"]
[Date "2007.11.14"]
[Round "-"]
[White "Drica"]
[Black "jeremill0"]
[Result "0-1"]
[WhiteElo "1531"]
[BlackElo "1700"]

1. e4 e5 2. d4 exd4 3. Qxd4 Nc6 4. Qd5 Nf6 5. Qf5 d5 6. Qf4 Bc5 7. exd5 Nxd5 8.
Qe4+ Be6 9. Bb5 O-O 10. Bd3 Nf6 11. Qh4 Nb4 12. Be2 Nxc2+ 13. Kf1 Nxa1 14. Bg5
Bxa2 15. Nc3 Bb3 16. Bf3 Re8 17. Bxb7 Bc4+ 18. Nge2 Bxe2+ 19. Nxe2 Qd1# 0-1

[Event "Challenge"]
[Site "http://www.queenalice.com/game.php?id=307519"]
[Date "2007.11.21"]
[Round "-"]
[White "jeremill0"]
[Black "wolwal"]
[Result "1-0"]
[WhiteElo "1717"]
[BlackElo "1685"]

1. e4 e5 2. Nf3 Nc6 3. Bb5 Nd4 4. Nxd4 exd4 5. O-O c6 6. Ba4 b5 7. Bb3 Bd6 8. e5
Bxe5 9. Re1 d5 10. Rxe5+ Be6 11. d3 f6 12. Rxe6+ Ne7 13. Qe1 O-O 14. Rxe7 1-0

[Event "Challenge"]
[Site "http://www.queenalice.com/game.php?id=310195"]
[Date "2007.11.26"]
[Round "-"]
[White "jeremill0"]
[Black "wolwal"]
[Result "1-0"]
[WhiteElo "1778"]
[BlackElo "1568"]

1. e4 e5 2. Nf3 Nc6 3. Bb5 Qf6 4. O-O a6 5. Ba4 b5 6. Bb3 d6 7. h3 Be6 8. c3 Be7
9. d4 exd4 10. cxd4 Bc4 11. Re1 Bxb3 12. axb3 O-O-O 13. Rxa6 Nb4 14. Ra5 c6 15.
Qd2 d5 16. e5 Qf5 17. Na3 Nd3 18. Qc3 1-0

[Event "Challenge"]
[Site "http://www.queenalice.com/game.php?id=317532"]
[Date "2007.12.9"]
[Round "-"]
[White "jeremill0"]
[Black "Abstro"]
[Result "0-1"]
[WhiteElo "1758"]
[BlackElo "1693"]

1. e4 e5 2. Nf3 Nc6 3. Bc4 h6 4. O-O Nf6 5. d4 Na5 6. Bb3 Nxe4 7. Qe1 Nxb3 8.
axb3 d5 9. Nxe5 Be6 10. Nc3 Bb4 11. Bd2 Nxd2 12. Qxd2 h5 13. Rfe1 O-O 14. Nd3
Bd6 15. Nf4 Qg5 16. g3 c6 17. h4 Qh6 18. Rad1 Bg4 19. Nfe2 Qf6 20. Qg5 Qxg5 21.
hxg5 Bb4 22. Rd3 Rae8 23. Re3 Rxe3 24. fxe3 Be7 25. e4 Be6 26. exd5 cxd5 27. Nf4
Bxg5 28. Nxe6 Bd2 29. Re5 Bxc3 30. bxc3 fxe6 31. Rxe6 Rf3 32. Kg2 Rxc3 33. Re7
Rxc2+ 34. Kh3 Rd2 35. Kh4 Rxd4+ 36. Kxh5 Rb4 37. Rd7 Rxb3 38. g4 Rb5 39. Kg6
Rb6+ 40. Kg5 a6 41. Kh4 Rb5 42. g5 g6 43. Kg4 a5 0-1

[Event "Challenge"]
[Site "http://www.queenalice.com/game.php?id=321108"]
[Date "2007.12.16"]
[Round "-"]
[White "fkaugusto"]
[Black "jeremill0"]
[Result "1/2-1/2"]
[WhiteElo "1766"]
[BlackElo "1815"]

1. e4 e5 2. Nf3 Nc6 3. Bb5 a6 4. Ba4 Bc5 5. O-O b5 6. Bb3 d6 7. Bd5 Bb7 8. c3
Nf6 9. d4 Bb6 10. Bg5 O-O 11. dxe5 dxe5 12. Nxe5 Nxe5 13. Bxb7 Qxd1 14. Rxd1
Rab8 15. Bxf6 gxf6 16. Bxa6 Ng4 17. Rf1 Bxf2+ 18. Rxf2 Nxf2 19. Kxf2 Rfd8 20.
Ke3 Rd6 21. Bxb5 Rxb5 22. Na3 Rg5 23. g3 Re6 24. Rd1 f5 25. Nb5 Rxe4+ 26. Kf3 c5
27. Rd8+ Kg7 28. Nd6 Re6 29. Kf4 Kf6 30. h3 Re2 31. Ne8+ Ke7 32. Rd5 f6 33. Nc7
Rxb2 34. Rxc5 Rg2 35. Nd5+ Kd6 36. Nxf6 R5xg3 37. Rxf5 Rxh3 38. Ne4+ Kc6 39. a4
Rf2+ 40. Ke5 Rxf5+ 41. Kxf5 h6 42. Kg4 Rh1 43. Nf2 h5+ 44. Kg3 Re1 45. Kh4 Re5
46. Nh3 Rf5 47. Ng5 Rf4+ 48. Kxh5 Rxa4 49. Nf7 Kd5 50. Ng5 Ra3 51. Kg6 Rxc3 52.
Kf5 Rc2 53. Kg4 Ke5 54. Nf3+ Ke4 55. Ng5+ Ke3 56. Nh3 1/2-1/2

[Event "Challenge"]
[Site "http://www.queenalice.com/game.php?id=321109"]
[Date "2007.12.16"]
[Round "-"]
[White "ChrisChristensen"]
[Black "jeremill0"]
[Result "1-0"]
[WhiteElo "1826"]
[BlackElo "1805"]

1. e4 e5 2. Bc4 Nf6 3. d3 c6 4. Nf3 d5 5. Bb3 Bd6 6. Bg5 dxe4 7. dxe4 h6 8. Bh4
O-O 9. h3 Qa5+ 10. Nc3 Nxe4 11. O-O Nxc3 12. Qxd6 Ne2+ 13. Kh1 Re8 14. Rfe1 Qb5
15. c4 1-0

[Event "Challenge"]
[Site "http://www.queenalice.com/game.php?id=322981"]
[Date "2007.12.19"]
[Round "-"]
[White "sunking"]
[Black "jeremill0"]
[Result "0-1"]
[WhiteElo "1800"]
[BlackElo "1713"]

1. d4 Nf6 2. d5 d6 3. Nc3 Bf5 4. Bg5 c5 5. Bxf6 gxf6 6. e4 Bg6 7. Bb5+ Nd7 8.
Nh3 a6 9. Ba4 b5 10. Bb3 c4 11. a4 cxb3 12. cxb3 b4 13. Na2 a5 14. f3 Bg7 15.
Rc1 f5 16. Ng5 h6 17. Ne6 fxe6 18. dxe6 Nc5 19. exf5 Bxf5 20. Qd5 Bxe6 21. Qh5+
Kd7 22. O-O Qb6 23. Rce1 Nd3+ 24. Kh1 Nxe1 25. h3 Nc2 26. Qg6 Rhg8 27. Qxc2 Rac8
28. Qf2 Qxf2 29. Rxf2 Bxb3 30. Nxb4 Rc1+ 31. Kh2 Be5+ 32. g3 Bxg3+ 33. Kg2 Bf4#
0-1

[Event "Challenge"]
[Site "http://www.queenalice.com/game.php?id=326249"]
[Date "2007.12.26"]
[Round "-"]
[White "pcescritor"]
[Black "jeremill0"]
[Result "1-0"]
[WhiteElo "1752"]
[BlackElo "1706"]

1. e4 Nc6 2. Bc4 e5 3. Qf3 Nf6 4. Nc3 Bb4 5. Nh3 d6 6. Ng5 O-O 7. Nd5 Nxd5 8. c3
Qxg5 9. exd5 Nd4 10. cxd4 exd4 11. O-O Qe5 12. a3 Ba5 13. b4 Bb6 14. a4 c5 15.
a5 Bd8 16. Ba3 Re8 17. bxc5 dxc5 18. Bxc5 Bc7 19. g3 Kh8 20. Bb5 Bh3 21. Bxe8
Bxf1 22. Qxf7 Rxe8 23. Bxd4 1-0

[Event "Challenge"]
[Site "http://www.queenalice.com/game.php?id=329870"]
[Date "2008.1.3"]
[Round "-"]
[White "Mike36bh"]
[Black "jeremill0"]
[Result "0-1"]
[WhiteElo "1786"]
[BlackElo "1754"]

1. d4 Nf6 2. d5 e6 3. c4 h6 4. a3 b5 5. Nc3 Bb7 6. e4 bxc4 7. Bxc4 exd5 8. exd5
Bc5 9. h3 O-O 10. Nf3 Re8+ 11. Be2 Ba6 12. O-O Bxe2 13. Nxe2 c6 14. d6 Ne4 15.
Bf4 Nxd6 16. Bxd6 Bxd6 17. Qxd6 Rxe2 18. b4 a5 19. bxa5 Rxa5 20. a4 Na6 21. Kh1
Nc5 22. Ne5 Ne4 23. Qd4 Rd5 24. Qc4 Rxe5 25. Qd3 Nxf2+ 26. Rxf2 Rxf2 27. Qd4 Qf6
28. Kh2 Qf3 29. Rg1 Ree2 30. Qxd7 Rxg2+ 0-1

[Event "Challenge"]
[Site "http://www.queenalice.com/game.php?id=329871"]
[Date "2008.1.3"]
[Round "-"]
[White "jeremill0"]
[Black "Mike36bh"]
[Result "1-0"]
[WhiteElo "1671"]
[BlackElo "1739"]

1. e4 e5 2. Nf3 d6 3. d4 f6 4. Bc4 h6 5. Nh4 Ne7 6. Qh5+ g6 7. Nxg6 Nxg6 8.
Qxg6+ Kd7 9. Qf7+ Be7 10. Be6+ Kc6 11. Bxc8 Qxc8 12. Qxe7 exd4 13. O-O Nd7 14.
Qf7 Kb6 15. Na3 c6 16. Bf4 Kc7 17. Nc4 Qf8 18. Bxd6+ Qxd6 19. Nxd6 Kxd6 20. Rad1
c5 21. c3 Ne5 22. Qxf6+ Kd7 23. Qxe5 Rhe8 24. Qd5+ Kc7 25. Qxc5+ Kb8 26. Rxd4 b6
27. Qd6+ Kb7 28. Qd7+ 1-0

[Event "Challenge"]
[Site "http://www.queenalice.com/game.php?id=331604"]
[Date "2008.1.6"]
[Round "-"]
[White "Pedro_tdi"]
[Black "jeremill0"]
[Result "1-0"]
[WhiteElo "1864"]
[BlackElo "1787"]

1. e4 e5 2. Nf3 Nc6 3. c3 Nf6 4. Qc2 d5 5. Bb5 Bc5 6. d4 dxe4 7. Ng5 exd4 8.
Bxc6+ bxc6 9. O-O O-O 10. Re1 d3 11. Qd2 h6 12. Nxe4 Nxe4 13. Rxe4 Re8 14. Rxe8+
Qxe8 15. h3 Ba6 16. b4 Bd6 17. Na3 1-0

[Event "Challenge"]
[Site "http://www.queenalice.com/game.php?id=337438"]
[Date "2008.1.16"]
[Round "-"]
[White "Kronista"]
[Black "jeremill0"]
[Result "1-0"]
[WhiteElo "1873"]
[BlackElo "1764"]

1. e4 c5 2. d4 cxd4 3. Nf3 e5 4. Bd2 Nc6 5. Bb5 Nf6 6. O-O Bd6 7. Na3 Nxe4 8.
Nc4 Bc7 9. Re1 Nxd2 10. Qxd2 d6 11. Nxd4 O-O 12. Nxc6 bxc6 13. Bxc6 Rb8 14. Rad1
Be6 15. Bd5 Re8 16. b3 Rb5 17. Bc6 Rc5 18. Bxe8 Bxc4 19. Ba4 Ba5 20. b4 Rd5 21.
Qc3 1-0

[Event "Challenge"]
[Site "http://www.queenalice.com/game.php?id=337439"]
[Date "2008.1.16"]
[Round "-"]
[White "jeremill0"]
[Black "Kronista"]
[Result "1-0"]
[WhiteElo "1737"]
[BlackElo "1914"]

1. e4 e5 2. Nf3 Nc6 3. Bb5 Nf6 4. O-O Bc5 5. c3 a6 6. Bxc6 dxc6 7. d4 exd4 8.
cxd4 Bb6 9. Nc3 Bg4 10. Be3 O-O 11. Re1 Re8 12. h3 Bh5 13. g4 Bg6 14. Ne5 Bxe4
15. Bg5 Bd5 16. Rc1 Qd6 17. Nxd5 cxd5 18. Bxf6 Qxf6 19. Nd7 Rxe1+ 20. Qxe1 Qh6
21. Nxb6 Qxb6 22. Qe5 c6 23. Re1 Qd8 24. f4 Kf8 25. g5 Qe8 26. Qd6+ 1-0

[Event "1764"]
[Site "http://www.queenalice.com/game.php?id=349604"]
[Date "2008.2.6"]
[Round "-"]
[White "Benoliel"]
[Black "jeremill0"]
[Result "1-0"]
[WhiteElo "1994"]
[BlackElo "1746"]

1. Nc3 e6 2. b3 d5 3. d4 c5 4. Nf3 cxd4 5. Nxd4 Bb4 6. Bb2 e5 7. Nf3 d4 8. a3
Bxc3+ 9. Bxc3 dxc3 10. e4 Nf6 11. Bd3 O-O 12. Nxe5 Re8 13. Nf3 Nxe4 14. O-O Qb6
15. Re1 Nxf2 16. Rxe8# 1-0

[Event "Challenge"]
[Site "http://www.queenalice.com/game.php?id=350447"]
[Date "2008.2.8"]
[Round "-"]
[White "Kronista"]
[Black "jeremill0"]
[Result "0-1"]
[WhiteElo "1706"]
[BlackElo "1769"]

1. e4 e5 2. Nf3 Nc6 3. Bc4 Bc5 4. c3 Nf6 5. d4 exd4 6. cxd4 Bb6 7. O-O Nxe4 8.
d5 Ne7 9. Qb3 d6 10. Nc3 Nc5 11. Qc2 Bf5 12. Qd2 O-O 13. b4 Nd7 14. Re1 Nf6 15.
Qf4 Bg6 16. a4 a6 17. Ra3 Re8 18. Bb2 c6 19. dxc6 bxc6 20. Nh4 d5 21. Ba2 d4 22.
Nb1 Ned5 23. Rxe8+ Qxe8 24. Qd2 Ng4 25. h3 Nxf2 26. Kxf2 d3+ 27. Kg3 Qb8+ 28.
Kf3 Be3 0-1

[Event "Tech/Jerem"]
[Site "http://www.queenalice.com/game.php?id=359245"]
[Date "2008.2.22"]
[Round "-"]
[White "jeremill0"]
[Black "technicaldraw"]
[Result "1-0"]
[WhiteElo "1787"]
[BlackElo "1961"]

1. e4 e6 2. d4 d5 3. Nc3 Bb4 4. e5 c5 5. a3 Bxc3+ 6. bxc3 Ne7 7. Nf3 Bd7 8. Be2
Qa5 9. O-O Nbc6 10. Rb1 Qc7 11. Ng5 h6 12. Nh3 Nf5 13. Bb2 c4 14. f4 Ne3 15. Qc1
Nxf1 16. Qxf1 Ne7 17. g4 f5 18. exf6 gxf6 19. f5 exf5 20. gxf5 Nxf5 21. Bh5+ Kf8
22. Nf4 Rg8+ 23. Kh1 Ne3 24. Qf3 Bg4 25. Bxg4 Qe7 26. Re1 1-0

[Event "Challenge"]
[Site "http://www.queenalice.com/game.php?id=388317"]
[Date "2008.4.15"]
[Round "-"]
[White "jeremill0"]
[Black "Kronista"]
[Result "0-1"]
[WhiteElo "1813"]
[BlackElo "1737"]

1. e4 e5 2. Nf3 Nc6 3. Bb5 a6 4. Ba4 b5 5. Bb3 Nf6 6. d4 exd4 7. Nxd4 Bb7 8. O-O
Bc5 9. c3 O-O 10. Bf4 Re8 11. Re1 Nxd4 12. cxd4 Bb4 13. Re2 Nxe4 14. f3 Nf6 15.
Nc3 d6 16. Rc1 Nh5 0-1